| 000 | 00757nam a2200217Ia 4500 | ||
|---|---|---|---|
| 003 | CO-CtgCURN | ||
| 005 | 20250408213313.0 | ||
| 008 | 190722s9999 xx 000 0 und d | ||
| 020 | _a9789586539159 | ||
| 040 |
_aCO-CtgCURN _bspa _ccoctgcurn |
||
| 082 |
_a342.02 _bP128d |
||
| 100 | _aPactet, Pierre | ||
| 245 | 0 |
_aDerecho constitucional / _cPierre Pactet, Ferdinand Melin y Soucramanien; traduccion de Corina Duque Ayala |
|
| 260 |
_aBogotá, Colombia : _bLegis, _c2011 |
||
| 300 |
_a639 páginas ; _c24 centímetros |
||
| 521 | _aAREA PROFESIONAL | ||
| 590 | _aPrograma de Derecho_18 | ||
| 650 | _aDerecho constitucional | ||
| 942 |
_cBK _h342.02 _iP128d _2ddc _n0 |
||
| 999 |
_c28332 _d28332 |
||